Wiz Khalifa Discography - Statistics

General Stats
  • This quiz has been taken 9 times
    5 since last reset
  • The average score is 21 of 41
Answer Stats
Year Name Type % Correct
2014 Blacc Hollywood Album
100%
2007 Prince of the City 2 Mixtape
100%
2005 Prince of the City: Welcome to Pistolvania Mixtape
100%
2011 Rolling Papers Album
100%
2018 Rolling Papers 2 Album
100%
2006 Show and Prove Album
100%
2009 Deal or No Deal Album
75%
2009 Flight School Mixtape
75%
2009 How Fly Mixtape (Collab)
75%
2012 O.N.I.F.C. Album
75%
2019 2009 Album (Collab)
50%
2009 Burn After Rolling Mixtape
50%
2011 Cabin Fever Mixtape
50%
2012 Cabin Fever 2 Mixtape
50%
2015 Cabin Fever 3 Mixtape
50%
2019 Fly Times, Vol. 1: The Good Fly Young Mixtape
50%
2022 Full Court Press Album (Collab)
50%
2016 Khalifa Compilation
50%
2010 Kush & Orange Juice Mixtape
50%
2017 Laugh Now, Fly Later Mixtape
50%
2022 Multiverse Album
50%
2016 Rude Awakening Album (Group)
50%
2008 Star Power Mixtape
50%
2022 Stoner's Night Album (Collab)
50%
2012 Taylor Allderdice Mixtape
50%
2020 The Saga of Wiz Khalifa EP
50%
2021 Wiz Got Wings Album (Collab)
50%
2014 28 Grams Mixtape
25%
2020 3 Doobies EP
25%
2020 Big Pimpin Mixtape
25%
2017 Bong Rips Mixtape
25%
2021 #FUCC2020 EP (Collab)
25%
2007 Grow Season Mixtape
25%
2020 It's Only Weed Bro EP
25%
2020 Just a Regular Day EP
25%
2013 Live in Concert Live EP (Collab)
25%
2011 Mac & Devin Go to High School Soundtrack
25%
2017 Pre-Rolleds Mixtape
25%
2015 Talk About It in the Morning EP (Collab)
25%
2021 Taylor Cinema EP
25%
2021 Taylor Nights EP (Collab)
25%
No matching quizzes found
Score Distribution
Percent of People with Each Score
Percentile by Number Answered
Your Score History
You have not taken this quiz since the last reset